| 000 | 00960nam a2200277Ia 4500 | ||
|---|---|---|---|
| 003 | OSt | ||
| 005 | 20221007125453.0 | ||
| 006 | a|||||r|||| 00| 0 | ||
| 007 | ta | ||
| 008 | 221006b |||||||| |||| 00| 0 eng d | ||
| 020 |
_a0471259659 (hbd) _c _ 114.95 |
||
| 024 | _a10988 | ||
| 037 |
_bDhanraj, _cTextual |
||
| 040 |
_aCDL _cCDL _beng |
||
| 041 |
_2eng _aeng |
||
| 082 | _aE5:4, P3.11 | ||
| 100 | _aSmith Michael B | ||
| 245 | 0 | _aCompendium of organic synthetic methods by Michael B Smith | |
| 260 |
_aHoboken, _bNew Jersey John Wiley Sons, Inc. _c2003 |
||
| 300 |
_axx, 795p _ccm. |
||
| 500 | _aIndex 707-795p; ^n23/CSL/CARC/2003-2004/830^d2003-10-14^mPurchase; ; 2003-04/320^b2003-10-22^c2191^d2003-10-17^eRs.6,765.00^fDhanraj Book House; ; 2003-12-03^bSB^c2003-12-03^dVinay | ||
| 650 | _a Organic Synthesis | ||
| 650 | _aChemistry | ||
| 942 |
_hE5:4, P3.11 _cTEXL _2CC |
||
| 999 |
_c1215337 _d1215337 |
||